[Event "Dortmund Sparkassen op-C 47th"]
[Site "Dortmund"]
[Date "2019.07.20"]
[Round "8"]
[White "Schulz, Wolfgang3333"]
[Black "Ceschinski, Peter"]
[Result "1-0"]
[WhiteElo "890"]
[BlackElo "851"]
[PlyCount "103"]
[EventDate "2019.07.13"]
[EventType "swiss"]
[EventRounds "9"]
[EventCountry "GER"]
[SourceTitle "CBM 192 Extra"]
[Source "Chessbase"]
[SourceDate "2019.11.06"]
[SourceVersion "1"]
[SourceVersionDate "2019.11.06"]
[SourceQuality "1"]

1. c4 g6 2. d4 Bg7 3. e3 b6 4. Nc3 Bb7 5. Nge2 d6 6. Nb5 a6 7. Nbc3 e6 8. d5 e5 9. e4 Nd7 10. b4 Ne7 11. Bg5 0-0 12. Ng3 f6 13. Be3 c6 14. Be2 Qc7 15. Bg4 b5 16. Be6+ Kh8 17. Bxd7 Qxd7 18. c5 Ng8 19. cxd6 Qxd6 20. Bc5 Qd7 21. Bxf8 Bxf8 22. Qb3 Bd6 23. 0-0 Ne7 24. Rad1 Kg7 25. Rd3 h5 26. Rf3 c5 27. Nce2 c4 28. Qc3 Rf8 29. Nf5+ Nxf5 30. Rxf5 Bxd5 31. Rxh5 Bxe4 32. Rh4 Bb7 33. Qe3 Rh8 34. Rxh8 Kxh8 35. Qh6+ Qh7 36. Qxh7+ Kxh7 37. Rd1 Bxb4 38. Rd7+ Kh6 39. Rxb7 c3 40. Rc7 a5 41. Nc1 a4 42. Rc6 f5 43. Kf1 e4 44. Ke2 Kg5 45. f3 exf3+ 46. Kxf3 a3 47. g3 Kh6 48. h3 Kh5 49. h4 Be7 50. Rxc3 b4 51. Rc7 Bd6 52. Rh7# 1-0